00281nam a2200121Ia 4500008004100000082001300041100001800054245002100072250000800093260004200101300000800143650000800151191201s2012 xx 000 0 und d a332bMAM aMACHIRAJU, HR 0aMerchant Banking aRep aN. DelhibNew Age Internationalc2012 a512 aBBA